LEADER 01132nam0-22003731i-450 001 990001814770403321 005 20210415110151.0 010 $a92-5-200923-X$bvol. 1 010 $a1014-2894 035 $a000181477 035 $aFED01000181477 035 $a(Aleph)000181477FED01 035 $a000181477 100 $a20021010d1980----km-y0itay50------ba 101 0 $afre 102 $aIT 105 $ay p 001yy 200 1 $aEstimation des volumes et accroissement des peuplement forestiers$eavec référence particulière aux forêts tropicales$fFrancis Cailliez$gFAO. 210 $aRoma$cFAO$d1980 215 $av.$d30 cm 225 1 $aÉtude FAO: Forêts$v022/1 327 0 $avol. 1.: Estimation des volumes 610 0 $aEstimo forestale 610 0 $aForeste 676 $a333.3357$v23$zita 700 1$aCailliez,$bFrancis$079727 801 0$aIT$bUNINA$gRICA$2UNIMARC 901 $aBK 912 $a990001814770403321 952 $a60 COLL. FAO 02/022 1$fFAGBC 959 $aFAGBC 996 $aEstimation des volumes et accroissement des peuplement forestiers$9410114 997 $aUNINA DB $aING01 LEADER 01561nam0 2200325 i 450 001 VAN0053680 005 20240212033645.250 010 $a04-86648-71-0 010 $a978-04-86648-71-2 100 $a20060928d1985 |0itac50 ba 101 $aeng 102 $aUS 105 $a|||| ||||| 200 1 $aIntroduction to quantum mechanics$ewith applications to chemistry$fby Linus Pauling and E. Bright Wilson jr 210 $aNew York$cDover$d1985 215 $aXI, 468 p.$cill.$d22 cm 410 1$1001VAN0033551$12001 $aDover books on physics and chemistry$1210 $aNew York$cDover 606 $a81-XX$xQuantum theory [MSC 2020]$3VANC019967$2MF 606 $a00A79 (77-XX)$xPhysics [MSC 2020]$3VANC023182$2MF 620 $aUS$dNew York$3VANL000011 700 1$aPauling$bLinus$3VANV042378$01567 701 1$aWilson$bEdgar Bright$3VANV037666$0441081 712 $aDover $3VANV108158$4650 801 $aIT$bSOL$c20240216$gRICA 856 4 $uhttp://books.google.it/books?id=D48aGQTkfLgC&printsec=frontcover&dq=Introduction+to+quantum+mechanics+:+with+applications+to+chemistry&hl=it&ei=7EdiTeaKLoiZ8QP5hsjxCA&sa=X&oi=book_result&ct=result&resnum=1&ved=0CC0Q6AEwAA#v=onepage&q&f=fals$zPreview 899 $aBIBLIOTECA DEL DIPARTIMENTO DI MATEMATICA E FISICA$1IT-CE0120$2VAN08 912 $aVAN0053680 950 $aBIBLIOTECA DEL DIPARTIMENTO DI MATEMATICA E FISICA$d08PREST 81-XX 3716 $e08 5629 I 20060928 996 $aIntroduction to quantum mechanics$91427011 997 $aUNICAMPANIA